=LDR 00000nam 2200000 4500 =001 INLIS000000000034497 =005 20130612140413 =008 ***********************************ind** =035 ##$$0010-061300000034497 =041 ##$$a ind =082 ##$$a 372.803 =090 ##$$a 372.803, Jus k =100 ##$$a Justiana, Sandri =245 ##$$a Kamus pintar bergambar, Makanan dan minuman/ Sandri Justiana; Editor, Dewi Linda Gustini, agus Jakaria =260 ##$$a [20...] $b Bandung =300 ##$$a 36 hlm., Ilus., 25 cm =650 ##$$a Pendidikan Dasar - Makanan - Kamus =700 ##$$a Gustini, Dewi Linda =850 ##$$a NBPNMAT